Prosedur rekabentuk senibina

Bibliographic Details
Main Author: Barritt, C.M.H
Other Authors: Aida Abdul Razak
Format: Book
Published: Kuala Lumpur : DBP , 1993
Subjects:

MARC

LEADER 00000cam a2200000 7i4500
001 0000003313
002 000003574
005 20000330.0
020 |a 9836239251 
090 0 0 |a 721.02   |b BAR 
100 1 |a Barritt, C.M.H 
245 1 0 |a Prosedur rekabentuk senibina   |c C.M.H Barritt ; diterjemahkan oleh Aida abdul Razak 
260 |a Kuala Lumpur :   |b DBP ,   |c 1993 
300 |a 224p. ;   |c 21cm. 
650 0 0 |a Architectural design 
700 0 |a Aida Abdul Razak 
999 |a 036871   |b BUKU   |c PINJAMAN   |e PERPUSTAKAAN KOMUNITI PETALING JAYA